DIVA JULIA (LA) (Record n. 105102)
[ formato base ]
| 000 -LEADER | |
|---|---|
| fixed length control field | 02117agaaa2200337 4500 |
| 001 - CONTROL NUMBER | |
| control field | 7126 |
| 003 - CONTROL NUMBER IDENTIFIER | |
| control field | IT-RoPAU |
| 005 - DATE AND TIME OF LATEST TRANSACTION | |
| control field | 20220918181228.0 |
| 007 - PHYSICAL DESCRIPTION FIXED FIELD--GENERAL INFORMATION | |
| fixed length control field | d cvaizq |
| 008 - FIXED-LENGTH DATA ELEMENTS--GENERAL INFORMATION | |
| fixed length control field | 50131s9999||||xx ||| | || ||und|| |
| 040 ## - CATALOGING SOURCE | |
| Original cataloging agency | IT-RoPAU |
| Transcribing agency | IT-RoPAU |
| 041 ## - LANGUAGE CODE | |
| Language code of text/sound track or separate title | ITALIANO |
| 100 ## - MAIN ENTRY--PERSONAL NAME | |
| Personal name | Szabo' Istvan |
| Miscellaneous information | Codice regista SPICS: 1650 |
| 9 (RLIN) | 39480 |
| 130 ## - MAIN ENTRY--UNIFORM TITLE | |
| Uniform title | DIVA JULIA (LA) |
| 9 (RLIN) | 39481 |
| 240 ## - UNIFORM TITLE | |
| Uniform title | BEING JULIA |
| Miscellaneous information | T3657 |
| 245 ## - TITLE STATEMENT | |
| Title | DIVA JULIA (LA) |
| Statement of responsibility, etc. | Prodotto da: Lantos Robert -- Sceneggiatura: Harwood Roland -- Diretto da: Szabo' Istvan |
| Name of part/section of a work | DIVA JULIA (LA) (Rif. Codice opera principale : H7126) |
| 246 ## - VARYING FORM OF TITLE | |
| Title proper/short title | BEING JULIA |
| 250 ## - EDITION STATEMENT | |
| Edition statement | Edizione Standard |
| 260 ## - PUBLICATION, DISTRIBUTION, ETC. (IMPRINT) | |
| Place of publication, distribution, etc. | (CANADA - USA - UK) |
| Name of publisher, distributor, etc. | SERENDIPITY POINT FILM - FIRST CHOICE FIL / Distribuzione: MESSAGGERIE MUSICALI |
| Date of manufacture | "2004 (1° ed.: 2007 ; Ed. Lingua Orig.: 2004)" |
| 300 ## - PHYSICAL DESCRIPTION | |
| Extent | DVD |
| Other physical details | sonoro, col. |
| Dimensions | 105 minuti |
| 508 ## - CREATION/PRODUCTION CREDITS NOTE | |
| Creation/production credits note | "Fotografia: Koltai Lajos; Montaggio: Shipton Susan; Musica: Danna Michael; Sceneggiatura: Harwood Roland; Scenografia: Arrighi Luciana; " |
| 511 ## - PARTICIPANT OR PERFORMER NOTE | |
| Participant or performer note | "Bening Annette; Irons Jeremy; Greenwood Bruce; Margolyes Miriam; Stevenson Juliet" |
| 520 ## - SUMMARY, ETC. | |
| Summary, etc. | "NELLA LONDRA ANNI TRENTA, JULIA LAMBERT E' UNA DIVA DEL PALCOSCENICO AL CULMINE DELLA CARRIERA. SI INNAMORA DI TOM, UN RAGAZZO AMERICANO, CON IL QUALE INIZIA UNA RELAZIONE INTENSA E APPASSIONATA. QUANDO SCOPRE CHE IN REALTA'LUI LE SI E' AVVICINATO SOLO PER TENTARE L'ARRAMPICATA SOCIALE, E CHE E' INNAMORATO DELLA GIOVANE ATTRICE AVICE CRICHTON, LA GELOSIA LA PORTA AD ELABORARE UN PIANO DI SPIETATA VENDETTA. CONTENUTI EXTRA: MAKING OF; INTERVISTEAL CAST; SCENE TAGLIATE; RIPRESE SUL SET; TRAILER E SPOT. GOLDEN GLOBE 2005 AD ANNETTE BENING COME MIGLIORE ATTRICE PROTAGONISTA. GELOSIA; RECITAZIONE; TEATRO." |
| 538 ## - SYSTEM DETAILS NOTE | |
| System details note | PAL, STEREO |
| 546 ## - LANGUAGE NOTE | |
| Language note | ITALIANO |
| 650 ## - SUBJECT ADDED ENTRY--TOPICAL TERM | |
| Topical term or geographic name as entry element | COMMEDIA |
| Relator term | DVD-FILM [DVD] |
| General subdivision | Codice MATERIA SPICS: 9947 |
| 9 (RLIN) | 36668 |
| 700 ## - ADDED ENTRY--PERSONAL NAME | |
| Personal name | Danna Michael |
| Relator term | (musica) |
| Miscellaneous information | Codice Musica SPICS: 48264 |
| 9 (RLIN) | 39482 |
| 700 ## - ADDED ENTRY--PERSONAL NAME | |
| Personal name | Maugham Somerset |
| Relator term | (soggetto) |
| Miscellaneous information | Codice Soggetto SPICS: 17457 |
| 9 (RLIN) | 39483 |
| 700 ## - ADDED ENTRY--PERSONAL NAME | |
| Personal name | Szabo' Istvan |
| Relator term | (regista) |
| Miscellaneous information | Codice regista SPICS: 1650 |
| 9 (RLIN) | 39484 |
| 942 ## - ADDED ENTRY ELEMENTS (KOHA) | |
| Koha item type | DVD |
| Source of classification or shelving scheme | Dewey Decimal Classification |
| Withdrawn status | Lost status | Damaged status | Not for loan | Home library | Current library | Date acquired | Total Checkouts | Full call number | Date last seen | Price effective from | Koha item type | Public note |
|---|---|---|---|---|---|---|---|---|---|---|---|---|
| Buone Condizioni | Not For Loan | SPICS-MEDIATECA | SPICS-MEDIATECA | 31/01/2015 | H7126 | 31/01/2015 | 31/01/2015 | DVD | Progr. Ins.: 3519 / N.Vol.:1 / Copie: 1 / Pag.:0 / Copia rara: n.d. / date import: 1.2.2015 / By Epidotti, Trombetti, Vaglietti |